[Event "Cappelle op 32nd"]
[Site "Cappelle la Grande"]
[Date "2016.02.16"]
[Round "5"]
[White "Yu, Zong Yang"]
[Black "Castellanos Rodriguez, Renier"]
[Result "1/2-1/2"]
[WhiteElo "2322"]
[BlackElo "2478"]
[Annotator "Primel,D"]
[PlyCount "77"]
[EventDate "2016.02.13"]
[EventType "swiss"]
[EventRounds "9"]
[EventCountry "FRA"]
[SourceTitle "EXT 2017"]
[Source "ChessBase"]
[SourceDate "2016.10.25"]
[SourceVersion "1"]
[SourceVersionDate "2016.10.25"]
[SourceQuality "1"]
[TimeControl "40/5400+30:1800+30"]
[WhiteClock "1:30:00"]
[BlackClock "1:30:00"]

1. d4 Nf6 2. c4 e6 3. Nf3 b6 4. g3 c6 5. Bg2 d5 6. b3 Be7 7. O-O O-O 8. Bb2 Bb7
9. Nbd2 Na6 {Une ligne secondaire} (9... Nbd7 10. Rc1 Rc8 11. e3 c5 12. Qe2 Rc7
13. Rfd1 dxc4 14. Nxc4 Qa8 15. dxc5 Rxc5 16. Ba3 Rxc4 17. Bxe7 Rxc1 18. Rxc1
Rc8 19. Ba3 {1/2-1/2 (19) Saric,A (2545)-Kuljasevic,D (2578) Porec 2014}) 10.
Ne5 Rc8 11. Rc1 c5 12. e3 Rc7 13. Qe2 Qc8 14. Rfd1 cxd4 $146 (14... Rd8 15.
dxc5 Nxc5 16. Ng4 Ncd7 17. cxd5 Bxd5 18. Bxd5 Nxd5 19. Nc4 N5f6 20. Nxf6+ Nxf6
21. Ne5 Rxd1+ 22. Rxd1 Rc2 23. Rd2 Rxd2 24. Qxd2 h6 25. Qc1 Qxc1+ 26. Bxc1 Bd6
27. Nc6 a6 28. Kf1 Kf8 29. f3 Nd5 30. Bd2 Ke8 31. e4 Ne7 32. Nd4 Kd7 33. Ke2 h5
34. Kd3 Nc6 {1/2-1/2 (36) Le,Q (2519)-Magalashvili,D (2459) Yerevan 2006}) 15.
exd4 dxc4 16. Bxb7 Qxb7 17. bxc4 Rfc8 18. Nf1 Bd6 19. Ne3 Bxe5 20. dxe5 Ne4 21.
h4 h6 22. Rd4 Rd7 23. Rcd1 Rcd8 24. Kh2 Rxd4 25. Rxd4 Rxd4 26. Bxd4 Qd7 27. Nc2
Nac5 28. Kg2 $6 (28. f3) 28... Qa4 29. Bxc5 Nxc5 30. Nd4 a6 31. Nf3 Qd7 32. Qb2
Na4 33. Qb4 Qc6 34. h5 b5 35. cxb5 axb5 36. Qe7 Qa8 37. a3 Nb2 38. Qd7 Nc4 39.
Qxb5 1/2-1/2

[Event "Monarch Assurance 12th"]
[Site "Port Erin"]
[Date "2003.10.04"]
[Round "8"]
[White "Psakhis, Lev"]
[Black "Sandipan, Chanda"]
[Result "1-0"]
[WhiteElo "2550"]
[BlackElo "2469"]
[Annotator "Psakhis,L"]
[PlyCount "89"]
[EventDate "2003.09.27"]
[EventType "swiss"]
[EventRounds "9"]
[EventCountry "IOM"]
[SourceTitle "CBM 096 Extra"]
[Source "ChessBase"]
[SourceDate "2003.10.22"]
[SourceVersion "2"]
[SourceVersionDate "2003.10.20"]
[SourceQuality "1"]

1. Nf3 d5 2. g3 Nf6 3. Bg2 e6 4. d4 Be7 5. c4 O-O 6. Qc2 c5 7. O-O cxd4 8. Nxd4
Nc6 9. Nxc6 bxc6 10. b3 e5 11. Bb2 e4 (11... Bd6 12. Nd2 Qe7 13. Rac1 Bg4 14.
e4 d4 15. c5 Bc7 16. Nc4 Rfd8 17. Ba3 Be6 18. Nb2 h5 19. Nd3 {1/2-1/2 Dautov,
R-Pigusov,E/USSR 1986/Inf 42 (19)}) 12. cxd5 (12. Nc3 Be6 13. Rfd1 Qb8 14. Rac1
Rc8 15. Na4 h5 16. Bd4 h4 17. Qd2 hxg3 18. hxg3 Ng4 $132 {0-1 Vekshenkov,
N-Baburin,A/USSR 1986 (34)}) 12... cxd5 13. Bd4 $1 $146 {[%csl Gd4]} (13. Nc3
Bf5 14. Rfd1 Rc8 15. Qd2 Be6 16. Rac1 Qb6 17. Na4 Qb7 18. Qf4 Bd7 19. Bxf6 gxf6
20. f3 f5 21. Qe5 Rxc1 22. Rxc1 Bxa4 23. bxa4 Ba3 24. Rd1 Qa6 {
Turbostar-BlitzMonster/MicroWM-Amateure 1985/Vaiser/1/2-1/2 (44)}) 13... Be6
14. Nc3 Rc8 15. Qb2 Qa5 (15... Bc5 16. Na4 Bxd4 17. Qxd4 $14) 16. a3 Rfd8 17.
e3 {[%cal Gf1c1,Gg2f1]} Ne8 18. Rfc1 $14 Rd7 (18... Qa6 $5) 19. b4 Qd8 (19...
Qa6 20. Bf1 Qb7 21. Na4 $36) 20. Na4 $1 (20. Nb5 $5) 20... Rdc7 21. Bf1 Rxc1 (
21... Bf6 $5 {[%csl Gd4]}) 22. Rxc1 Rxc1 23. Qxc1 Nd6 24. Qc6 $1 $16 Bd7 (24...
a5 $142 $1 25. Bb6 $140 Qd7) 25. Qa6 Nf5 (25... Nc8 26. Nc3 $1 Be6 27. Nb5 {
[%csl Ra7]}) 26. Bxa7 d4 27. exd4 Bxa4 (27... Qe8 $5 28. Nc3 e3) 28. Qxa4 Nxd4
29. b5 $1 Nf3+ 30. Kh1 Qa8 (30... Nd2 31. b6 $1 Nxf1 32. b7 Bd6 33. Qc2 {
[%cal Gc2c8]} Qf8 34. Qc8 f5 35. Qxf8+ Kxf8 36. Bc5) (30... Qd5 31. Be3 $18)
31. b6 h5 32. Qb5 (32. Qa6 $1 Bc5 33. Qb5 Bd6 34. Qd7) 32... Bd6 33. Qa6 $6
$138 (33. Bc4 $1 $18) 33... Qd5 34. b7 Kh7 35. b8=Q (35. Qb5 $5 Qd1 36. Qxh5+
Kg8 37. Qb5) 35... Bxb8 36. Bxb8 Qd1 37. Qe2 Qb1 38. Bf4 $18 Nd4 (38... h4 $5
39. gxh4) 39. Qc4 (39. Qxh5+ Kg8 40. Kg2) 39... Kg8 40. Be3 Nc2 41. Qe2 Ne1 (
41... Nxa3 42. Kg2 g6 43. Bd4 $18) 42. h4 Nf3 43. Kg2 Qa1 44. Qb5 Ne1+ 45. Kh1
1-0

[Event "Budapest FS02 GM"]
[Site "Budapest"]
[Date "2000.02.05"]
[Round "1"]
[White "Horvath, Csaba"]
[Black "Yu, Shaoteng"]
[Result "1-0"]
[WhiteElo "2519"]
[BlackElo "2535"]
[Annotator "Ribli,Z"]
[PlyCount "47"]
[EventDate "2000.02.05"]
[EventType "tourn"]
[EventRounds "13"]
[EventCountry "HUN"]
[EventCategory "9"]
[SourceTitle "CBM 076"]
[Source "ChessBase"]
[SourceDate "2000.05.31"]
[SourceVersion "1"]
[SourceVersionDate "2000.05.31"]
[SourceQuality "1"]

1. d4 e6 2. c4 Nf6 3. g3 d5 4. Nf3 Be7 5. Bg2 O-O 6. Qc2 {Eine wenig bekannte
Nebenvariante. Die Hauptidee des Anziehenden ist, die klassische Variante 
(nach 6.0-0 dxc4 7.Qc2 a6) zu vermeiden, denn jetzt kommt nach 6...dxc4?! 7.
Nbd2 mit positionellem Vorteil für Weiß.} c5 7. dxc5 (7. cxd5 $6 cxd4 8. dxe6
Bxe6 $15 {In diesem Fall ist der Pd4 nicht isoliert, sondern aktiv und sichert
den positionellen Druck von Schwarz.}) (7. O-O cxd4 8. Nxd4 Qb6) 7... Qa5+ 8.
Nc3 (8. Qc3 Qxc5 9. cxd5 Nxd5 10. Qxc5 Bxc5 11. O-O Nc6 12. a3 Bd7 13. Nbd2 Nd4
$11) 8... dxc4 (8... Qxc5 $5 9. cxd5 Nxd5 10. Ng5 (10. Bd2 Nc6 11. Rc1 Nf6 12.
Qb1 Qb6 13. O-O Bd7 14. Be3 Qa6 15. Ng5 h6 16. Nge4 Nxe4 17. Nxe4 Qxe2 18. Bc5
Bxc5 19. Nxc5 Bc8 20. Nxb7 {1/2-1/2 Tukmakov,V-Gruenfeld,Y/Biel 1999/EXT 2000 
(20)}) 10... Bxg5 11. Bxg5 Bd7 12. Bd2 {1/2-1/2 Stohl,I-Rozentalis,E/Batumi
1999/CBM 74 (12)}) 9. Nd2 $5 (9. O-O Qxc5 10. Bg5 (10. Rd1 Bd7 $1 (10... Nc6
11. Be3 Qh5 12. Bg5 Rb8 13. Qa4 $14) 11. Be3 Qh5 12. Ne4 Bc6 13. Nxf6+ Bxf6 $15
) 10... Nc6 11. Bxf6 gxf6 (11... Bxf6 12. Ne4 Qe7 13. Rfd1 $44) 12. Ne4 Qb4 $13
) 9... Qxc5 (9... Nc6 $5 10. Nxc4 Qxc5 11. b3 Nb4 12. Qb1 Nfd5 $11) 10. Na4 Qa5
11. Qxc4 Bd7 $2 {[%mdl 8192] Schwarz folgt der "Theorie". Obwohl dieser Zug
von Short höchstpersönlich gespielt wurde, ist er schlicht ein Fehler.} (11...
Nc6 $11) (11... e5 $11) 12. Bxb7 $1 {Das ist eine vorbereitete Neuerung für
Weiß. Auf den ersten Blick erscheint das schwarze Gegenspiel gefährlich, aber
Weiß hat alles präzise kalkuliert.} (12. Nc3 Rc8 13. Nb3 Qh5 14. Qf4 Bc6 15.
O-O h6 16. e4 Nbd7 17. f3 a5 18. g4 $6 Qe5 19. Qg3 Qxg3 20. hxg3 Ne5 $17 {
Ftacnik. 0-1 Kortschnoj,V-Short,N/Luzern 1989/CBM 16/[Ftacnik] (28)}) 12...
Bxa4 (12... Bb5 13. Qh4 (13. Qf4 Nd5 14. Qe4 Bc6 15. Bxc6 (15. Bxa8 Bxa8 $17 {
[%csl Re4,Rh1][%cal Ga8h1] Droht 16...Nb6 - Schwarz hat mehr als ausreichend
Kompensation für das Material.}) 15... Nxc6 $44 {Weiß hat einige Probleme bei
der Entwicklung und Koordination seiner Figuren.}) 13... Nd5 14. Qh5 Nb4 15.
O-O $16) 13. Bxa8 Nbd7 14. Bg2 Ne5 15. Qf4 Nh5 16. Qe3 Bc5 17. b4 $1 $16 {
[%mdl 256] Das ist der Schlüsselzug - Weiß gibt den Bauern und befreit seine
Stellung. Zugleich öffnet er die b-Linie für den Turm.} (17. Qc3 Bb4 18. Qe3
$11) (17. Qg5 $2 Nf3+ 18. Bxf3 Bxf2+ 19. Kxf2 Qxg5 $19) (17. Qxe5 Bxf2+ $19)
17... Bxb4 18. O-O Bc3 (18... Bc2 19. Nb3 $18) 19. Rb1 Bc2 20. Rb7 Ng4 21. Qxa7
$18 (21. Qf3 Bxd2 22. Qxg4 $18) 21... Qe5 (21... Bxd2 22. Qxa5 Bxa5 23. Rb5 $18
{[%cal Rb5h5,Rb5a5]}) 22. Nf3 $1 Qxe2 23. Rb8 Bb4 {Dieser Zug verliert
weiteres Material, aber Schwarz ist ohnehin schon verloren.} (23... g6 24. Ba3
Rxb8 25. Qxb8+ Kg7 26. Bf8+ $18 (26. Qf8+ $18)) 24. Rxb4 1-0

[Event "Donetzk zt"]
[Site "Donetsk"]
[Date "1998.11.02"]
[Round "1"]
[White "Tukmakov, Vladimir B"]
[Black "Maksimenko, Andrei"]
[Result "1-0"]
[WhiteElo "2605"]
[BlackElo "2500"]
[Annotator "Ribli,Z"]
[PlyCount "109"]
[EventDate "1998.11.02"]
[EventType "swiss"]
[EventRounds "11"]
[EventCountry "UKR"]
[SourceTitle "CBM 068"]
[Source "ChessBase"]
[SourceDate "1999.02.01"]
[SourceVersion "1"]
[SourceVersionDate "1999.02.01"]
[SourceQuality "1"]

1. Nf3 d5 2. g3 Nf6 3. Bg2 c5 4. O-O e6 (4... Nc6 5. d4 e6 (5... cxd4 6. Nxd4
$14 {Weiß spielt eigendlich die Grünfeld-Indische Verteidigung mit Mehrtempo.
Ribli.}) 6. c4 dxc4 {Mit Zugumstellung wäre die Katalanische Eröffnung
erreicht.}) 5. c4 Be7 6. d4 cxd4 (6... O-O 7. cxd5 exd5 (7... Nxd5 8. dxc5 Bxc5
9. Qc2 $14 {Und im folgenden kann Weiß mit 9.a3, 10.Rd1 nebst 11.e4 die etwas
besseren Chancen erlangen.}) 8. Nc3 Nc6 9. Bg5 {Das ist eine Hauptvariante der
Tarrasch-Verteidigung.}) 7. cxd5 Nxd5 8. Nxd4 O-O {[%csl Rc8,Gg2]} 9. Nb5 {
Diese Stellung ist typisch für die Katalanische Eröffnung. Der weiße Läufer
steht ausgezeichnet auf der langen Diagonalen. Mit dem Textzug bereitet Weiß
den Springertausch mit 10.N1c3 vor.} (9. Qb3 Nd7 (9... Na6 10. Nf5 exf5 11.
Bxd5 Nb4 12. Nc3 Qa5 13. Be3 Nxd5 14. Nxd5 Bd6 15. Rfd1 Qa6 16. Qc3 f6 17. Bc5
Bxc5 18. Qxc5 Qxe2 19. Re1 Qxb2 20. Ne7+ Kh8 21. Ng6+ hxg6 22. Qxf8+ Kh7 23.
Re7 {1-0 Lisitsin,G-Poliak,A/Leningrad 1938/EXT 98 (23)}) 10. Rd1 Nc5 11. Qc4
Nb6 12. Qc2 Bd7 13. Nc3 Qc8 14. Bf4 f6 15. Nb3 Nca4 16. Na5 Nxc3 17. Bxb7 Ba4
18. Bxc8 Bxc2 19. Bxe6+ Kh8 20. Rd2 Nb5 21. Nc6 Be4 22. Nxe7 Rae8 23. Bd7 Nxd7
24. Rxd7 Rf7 25. a4 $16 {1-0 Sorokin,M-Van Riemsdijk,H/Boca 1997/CBM 58 ext 
(31)}) (9. e4 Nb4 (9... Nb6 10. Nc3 Bf6 11. Ndb5 Nc6 12. Qe2 a6 13. Rd1 Qe7 14.
Be3 Nd7 15. Nd6 Be5 16. Nc4 b5 17. Nxe5 Ndxe5 18. f4 Nc4 19. Bf2 Bb7 20. b3 Na3
21. Rac1 {1/2-1/2 Ujtelky,M-Van Scheltinga,T/Beverwijk 1967/EXT 99 (67)}) 10.
Nc3 N8c6 11. Nb3 b6 12. Qh5 Ba6 13. Rd1 Qe8 14. Bg5 f6 15. Qxe8 Rfxe8 16. Bf4
g5 17. Bd6 Bxd6 18. Rxd6 Rad8 19. Rad1 Rxd6 20. Rxd6 Rd8 21. Rxd8+ Nxd8 22. Bf1
{1/2-1/2 Schlosser,P-Luther,T/Altensteig 1992/CBM 31 (22)}) 9... Nc6 10. N1c3 {
[#]} Nxc3 $6 {Diese Fortsetzung gefällt mir nicht. Weiß erlangt einen
dauerhaften kleinen Vorteil, während Schwarz ohne Gegenspiel bleibt.} (10... a6
11. Nxd5 exd5 (11... axb5 12. Nxe7+ Qxe7 13. Be3 $14 {Weiß besitzt das
Läuferpaar und die schwarzen b-Bauern sind schwach, aber Schwarz kann im
folgenden ...e6-e5 mit Aktivität spielen.}) 12. Nc3 d4 13. Nd5 Bc5 (13... Be6
14. Nxe7+ Qxe7 15. Bxc6 bxc6 16. Qxd4 c5 $14 {Schwarz hat Kompensation für den
Bauern, denn die weißen Felder, besonders in der weißen Königsstellung, sind
schwach.}) 14. Bf4 $14) 11. Nxc3 Qa5 12. Be3 $14 {[%csl Ge3,Gg2] Die
Bauernstellung ist symmetrisch, aber die weiße Läufer - besonders der
"Katalanisch-Läufer" auf g2 - sind viel aktiver als ihre Gegenüber.} Rd8 13.
Qa4 $1 Qxa4 {Nach dem Damentausch bekommt Weiß freie Hand am Damenflügel.} (
13... Qh5 $5 14. Qb5 $14 (14. Bxc6 bxc6 15. Qxc6 Bd7 $44 {Schwarz besitzt das
Läuferpaar und kann Spiel auf den weißen Feldern entfalten, aber ich bin nicht
sicher, ob das als Kompensation für den Bauern ausreichend ist.}) (14. Rfd1 Bd7
$11)) 14. Nxa4 Nd4 $6 {Es wäre besser, zunächst die Entwicklung des
Damenflügels in Angriff zu nehmen.} (14... Bd7 15. Nc5 (15. Bc5 Bf6 {[%csl Gf6]
}) 15... Bxc5 16. Bxc5 $14) 15. Rfd1 $1 e5 (15... Nxe2+ $5 16. Kf1 {[%csl Re2]}
Bd7 {[%cal Rd7a4]} 17. Rxd7 (17. Nc5 Bb5 18. Ke1 Rac8 19. Rxd8+ Rxd8 20. Bxb7
Bf6 $15) (17. Bxb7 Bxa4 18. Rxd8+ Rxd8 19. Kxe2 Rb8 $17 {[%csl Rb2,Rb7,Re2]
[%cal Rb8b2]}) 17... Nxg3+ (17... Rxd7 18. Kxe2 $16) 18. hxg3 Rxd7 19. Rc1 $14
{Schwarz hat Turm und zwei Bauern gegen zwei Leichtfiguren, aber mit dem
Läuferpaar steht Weiß aktiver.}) 16. Bxd4 exd4 17. Rac1 {[%csl Ga4,Gc1,Gg2]
Weiß entfaltet spürbaren positionellen Druck am Damenflügel. Schwarz hat dort
noch Schwierigkeiten mit der Entwicklung.} Rb8 18. Nc5 (18. Rc7 Bd6 (18... Kf8)
) 18... Kf8 19. f4 {Weiß gewinnt Raum am Königsflügel und bereitet Kf2 vor.} b6
20. Nd3 {[%csl Yc6,Gd3][%cal Gd3e5,Ge5c6,Gd3b4,Gb4c6]} Ba6 {[%cal Ga6d3] Das
ist die einzige schwarze Gegenchance: Er tauscht auf d3 und versucht das
Endspiel mit den ungleichfarbigen Läufern.} (20... Bg4 $6 21. Kf2 $14) 21. Rc7
{[%csl Gc7][%cal Rc7a7]} Bxd3 22. exd3 a5 (22... Rbc8 $5 23. Rdc1 (23. Rxa7 Rc2
$132 {[%csl Gc2]}) 23... Rxc7 24. Rxc7 $14 {[%csl Gc7]}) 23. Rdc1 {[%csl Gc1,
Gc7,Gg2][%mdl 4096] [#] Die Struktur ist zwar symmetrisch, aber Weiß hat das
viel aktivere Figurenspiel.} Bd6 24. R7c6 Bc5 25. a3 {Weiß muß früher oder
später mit b2-b4 kommen, denn der schwarze Läufer blockiert die Stellung auf
c5 gut.} Re8 {[%cal Ge8e3]} (25... a4 26. Rc4 {[%cal Rc4a4]} Ra8 27. Rc7 $5 $16
{[%csl Ra4,Ra8,Gc4,Gc7,Gg2]} (27. R6xc5 bxc5 28. Bxa8 Rxa8 29. Rxc5 Rb8 30. Rc4
Rxb2 31. Rxd4 Rb3 32. Rxa4 Rxd3 $14 {Weiß hat einen Mehrbauern im Turmendspiel,
aber Schwarz sollte das dank seines aktiven Turmes überleben können.})) 26. Be4
{[%csl Ge4] Weiß verhindert das Eindringen des Turmes nach e3.} g6 {[%cal
Gf7f5]} 27. g4 Rbd8 28. Kg2 Ke7 (28... Rd6 $2 29. R1xc5 $18) 29. Rc7+ Kf8 (
29... Rd7 30. Rxd7+ Kxd7 31. b4 axb4 32. axb4 Rxe4 (32... Bxb4 33. Bc6+ $16 {
[%cal Rc6e8]}) 33. dxe4 $16) 30. f5 $1 gxf5 31. gxf5 Rd6 32. Rc4 $1 {Der weiße
Läufer e4 verhindert jegliches schwarzes Gegenspiel, während sein Gegenüber
auf c5 gleich mit b2-b4 verjagt wird.} Rh6 {[%cal Rh6h2,Rc5d6,Rd6h2]} 33. h3 {
Es ist nützlich, den Bauern auf "Weiß" zu stellen.} Re7 {Unter Bauernopfer
tauscht Schwarz ein Turmpaar.} (33... Rd8 34. b4 axb4 35. axb4 Be7 36. Rb7 $16
{[%csl Gb7,Gc4,Ge4][%cal Rc4c7]}) 34. Rc8+ Re8 35. Rxe8+ Kxe8 36. b4 {Weiß
vertreibt den Läufer und gewinnt so den schwarzen d-Bauern.} axb4 37. axb4 Be7
38. Rxd4 {Weiß besitzt einen Mehrbauern, aber die Verwertung ist wegen der
ungleichfarbigen Läufer nicht so leicht. Er muß um jeden Preis die Türme auf
dem Brett behalten.} Rd6 39. Rc4 (39. Rxd6 $2 Bxd6 40. b5 Ke7 $11) 39... b5 $5
{Schwarz tauscht so die b-Bauern.} 40. Rc8+ Rd8 41. Rc7 Bxb4 42. Bc6+ Kf8 43.
Bxb5 {[%csl Gc7][%cal Rb5c4,Rc7f7] Das Material ist reduziert, aber Weiß hat
noch die Initiative. Er droht, mit Bc4 den schwarzen Bauern f7 unter Beschuß
zu nehmen.} Rd5 {[%cal Rd5f5,Rd5b5]} 44. f6 $1 $16 {[%csl Gc7,Gf6,Rf8] Weiß
besitzt nur einen Mehrbauern, aber seine Figuren stehen so aktiv, daß die
schwarze Stellung kaum zu retten sein dürfte.} Ba5 {[%cal Ra5c7]} (44... Rxb5
45. Rc8# {[%csl Rf8]}) 45. Rc8+ (45. Rc6) 45... Rd8 (45... Bd8 46. Kf3 Rd6 47.
Ke4 $18 {[%csl Gc8,Rd8,Rf8]}) 46. Rc6 {[%csl Gc6,Gf6,Rf8] Der weiße Turm steht
ausgezeichnet. Er verteidigt den f6-Bauern und schränkt die Beweglichkeit des
schwarzen Läufers ein.} h5 47. Bc4 {[%cal Gc4f7]} Kg8 48. Kf3 Rd7 49. Kf4 {
Die Aktivierung des weißen Königs ist höchst unangenehm für Schwarz.} h4 50.
Kg5 Kh7 51. Rc8 $1 {[%csl Gc8][%cal Gc8h8] Weiß nimmt nicht auf h4, denn
Aktivität ist wichtiger als ein Bauer. Mit dem Textzug bereitet Weiß ein
Mattnetz vor.} (51. Kxh4 $2 Kg6 $14 {[%csl Rf6]}) 51... Bd2+ (51... Rd8 52.
Rxd8 Bxd8 53. Bxf7 $18 {[%csl Gf6,Gf7,Rh7] Mit zwei Bauern mehr ist der Gewinn
nicht immer leicht in Endspielen mit ungleichfarbigen Läufern, aber hier steht
der schwarze König auf h7 zu schlecht.}) 52. Kf5 Bb4 53. Re8 Rc7 (53... Ba5 54.
Re7 $18) 54. Bd5 Rd7 (54... Rc5 55. Ke5 Ra5 56. d4 $18) 55. Be4 $18 {[%csl Rh7]
[%cal Rf5g5] Schwarz gab auf.} (55. Be4 Rd4 56. Kg5+ Rxe4 57. Rxe4 $18) 1-0

[Event "Bundesliga 9900"]
[Site "Germany"]
[Date "2000.03.13"]
[Round "13.3"]
[White "Kengis, Edvins"]
[Black "Hertneck, Gerald"]
[Result "1-0"]
[WhiteElo "2574"]
[BlackElo "2571"]
[Annotator "Ribli,Z"]
[PlyCount "65"]
[EventDate "1999.10.09"]
[EventType "team-tourn"]
[EventRounds "15"]
[EventCountry "GER"]
[SourceTitle "CBM 076"]
[Source "ChessBase"]
[SourceDate "2000.05.31"]
[SourceVersion "1"]
[SourceVersionDate "2000.05.31"]
[SourceQuality "1"]
[WhiteTeam "Godesberg"]
[BlackTeam "Tegernsee"]
[WhiteTeamCountry "GER"]
[BlackTeamCountry "GER"]

1. Nf3 d5 2. d4 Nf6 3. c4 e6 {Statt der Partiefortsetzung wäre 3...dxc4
interessant - mit Übergang ins Angenommene Damengambit, aber Weiß kann hier
nicht die gefährliche e4-Variante spielen (das ginge nur nach 1.d4 d5 2.c4
dxc4 3.e4!?), hier wäre "nur" die klassische Fortsetzung 4.e3 möglich.} 4. g3
Be7 5. Bg2 O-O 6. Qc2 Na6 {Dieser Springerzug scheint mir etwas unnatürlich.
Meiner Meinung nach bietet die traditionelle Fortsetzung 6...c5 Schwarz gute
Ausgleichschancen.} 7. O-O (7. a3 c5 8. O-O (8. dxc5 Qa5+ (8... Nxc5 9. b4 Nce4
) 9. Nbd2)) 7... Nb4 (7... c5 8. cxd5 exd5 9. dxc5 Nxc5 10. Nc3 Be6 11. Rd1 Rc8
12. Be3 Qa5 13. Nd4 {1-0 Tu Hoang Thong-Barrios,R/Yerevan 1996/EXT 97 (28)}) 8.
Qb3 {Dieser Damezug wirkt auf den ersten Blick logischer als 8.Qd1,
tatsächlich aber verliert die Dame hier weitere Zeit.} (8. Qd1 dxc4 9. Na3 c5
10. Nxc4 b5 11. Nfe5 $1 Nfd5 12. a3 bxc4 13. axb4 cxd4 14. Nxc4 $6 (14. Nc6 $5
Qc7 15. Nxe7+ Qxe7 16. Qxd4 Bb7 $1 17. Qxc4 $14) 14... Bf6 $8 15. Bf4 $1 Re8
16. Bd6 Bb7 (16... Ba6 $5 17. Rxa6 Qc8 18. Qa4 Qxc4 19. Rxa7 Rad8 $1 $13) 17.
Bc5 Qb8 {1-0 Gleizerov,E-Cesarsky,I/USSR 1987/ Filipenko,A) (22)}) 8... dxc4 9.
Qxc4 b5 (9... Qd5 10. Nbd2 (10. Qxc7 Bd6 11. Qc3 Nxa2 $13) 10... c5 11. dxc5
Qxc5 12. a3 Nbd5 13. Ne5 Qd6 14. Ndf3 Nd7 15. Bf4 Nxf4 16. gxf4 Nb6 17. Qb3 Bd7
{1/2-1/2 Tukmakov,V-Delchev,A/Zadar 1997/EXT 99 (26)}) 10. Qb3 (10. Qxb5 Ba6 (
10... Nc2 $2 11. Qc6 $18) 11. Qa4 Bxe2 12. Re1 $13 Bb5 $2 13. Qxb5 Nc2 14. Nc3
Nxa1 15. Qe2 $16) 10... a5 $5 $146 {Schwarz spielt strategisch riskant - er
hat viele Bauern - aber auch viele schwache Punkte am Damenflügel. Wie kann
Weiß daraus Kapital schlagen?} (10... Bb7 11. a3 Bd5 12. Qd1 Nc6 13. Nc3 b4 14.
Nxd5 exd5 15. Qa4 Qe8 16. axb4 Nxb4 17. Bd2 a5 18. Rfc1 {1-0 Gyorkos,L-Roos,C/
Budapest 1993/EXT 98 (34)}) 11. Nc3 Rb8 (11... a4 12. Qd1) 12. Bf4 (12. a4 bxa4
13. Qxa4 Bb7 $11 {[%csl Gb4]}) 12... a4 13. Qd1 Bb7 $11 {Schwarz kann mit der
Eröffnung zufrieden sein - er hat keine Entwicklungsprobleme, und obwohl das
Feld c5 ein wenig schwach ist, kontrolliert er die wichtigsten Zentrumsfelder.}
(13... Nbd5 14. Nxd5 Nxd5 $11) 14. Rc1 (14. Nxb5 $6 Bxf3 15. Bxc7 Qd7 16. Bxb8
Bxg2 17. Kxg2 Qxb5 $15) 14... Nbd5 15. Nxd5 Nxd5 16. Bd2 Nb6 {[%cal Gb6c4]} 17.
Bf4 Rc8 (17... Nd5) (17... Bd6 $11) 18. Qd3 $1 $14 {[%cal Rd3b5,Gd3h7]} b4 $2 {
[%mdl 8192]} (18... c6 19. Ne5 Nd5 20. Bd2 $14) (18... c5 19. Qxb5 Bc6 (19...
cxd4 20. Rxc8 Bxc8 21. Be5 $16) (19... c4 20. a3 $16) 20. Qd3 Bxf3 21. Bxf3
Qxd4 22. Qxd4 cxd4 23. Be5 $14) {[#]} 19. Ng5 $1 {[%cal Rd3h7,Rg2b7] Ein
bekanntes Motiv in solchen Stellungem, noch dazu, wenn der schwarze Bb7 nicht
verteidigt ist.} Bxg5 20. Bxg5 Qxg5 21. Bxb7 Rb8 22. Rxc7 $16 {Nach einigen
forcierten Zügen hat Weiß einen wichtigen Bauern gewonnen, und seine Stellung
ist aktiver.} Nd5 23. Bxd5 Qxd5 (23... exd5 24. Rfc1 $16) 24. b3 axb3 (24...
Rfd8 $5 25. Rc4 $16) 25. axb3 e5 (25... Rfd8) 26. dxe5 Qxe5 27. Qc4 {[%csl Gc4,
Gc7] Weiß hat nicht nur einen Bauern mehr, sondern auch die viel aktivere
Stellung.} Rb6 28. Rd1 {Weiß kontrolliert die offene c- und d-Linie.} Rf6 29.
Rc8 Qe7 $8 30. Qc7 (30. Ra1 $1 g6 (30... Rd6 31. Rxf8+ Qxf8 (31... Kxf8 32.
Ra8+ Rd8 33. Rxd8+ Qxd8 34. Qxb4+ $18) 32. Qxb4 $18 {Jetzt nach 32...Rd1+
kommt 33.xd1 und die schwarze Grundlinie ist schwach.}) 31. Raa8 Rxc8 32. Qxc8+
Kg7 33. Qh8+ Kh6 34. Re8 Qd6 35. Re4 Rf5 36. Rh4+ Rh5 37. Rxh5+ gxh5 38. h4 $18
) (30. Rd4 $5 Rb6 31. Rc7 Qf6 32. Rdd7 $16) 30... Qxc7 31. Rxc7 {[%mdl 4096]
Durch den Damentausch ist die schwarze Stellung nicht leichter geworden - der
Pb4 ist immer ein Schwachpunkt, und die weißen Türme sind viel aktiver.} g6 (
31... Rb6 32. Rdd7 g6) 32. Rb7 $18 {[%csl Rb4] Durch diesen Zug gewinnt Weiß
den zweiten Bauern und damit die Partie.} Re8 33. e3 {Schwarz gab in völlig
hoffnungsloser Stellung auf.} (33. e3 Re4 34. Rd8+ Kg7 35. Rdb8 $18) 1-0